THE NAMESAKE (Record no. 3464)
[ view plain ]
| 000 -LEADER | |
|---|---|
| fixed length control field | 00603nam a22001457a 4500 |
| 020 ## - INTERNATIONAL STANDARD BOOK NUMBER | |
| ISBN | 978-0-00-725891-8 |
| 082 ## - DEWEY DECIMAL CLASSIFICATION NUMBER | |
| Classification number | 823 |
| Item number | LAH/N |
| 100 ## - MAIN ENTRY--AUTHOR NAME | |
| Personal name | LAHIRI, JHUMPA |
| 245 ## - TITLE STATEMENT | |
| Title | THE NAMESAKE |
| 260 ## - PUBLICATION, DISTRIBUTION, ETC. (IMPRINT) | |
| Place of publication | LONDON |
| Name of publisher | HARPER COLLINS |
| Year of publication | 2011 |
| 300 ## - PHYSICAL DESCRIPTION | |
| Number of Pages | 291 |
| 520 ## - SUMMARY, ETC. | |
| Summary, etc | The Namesake tells the story of the Ganguli family, which includes Ashima and Ashoke (the parents who immigrate from India to Boston), Gogol (the protagonist of the novel), and his sister Sonia. Most of the novel centers on Gogol and his life as he tries to come to terms with his identity. |
| 650 ## - SUBJECT ADDED ENTRY--TOPICAL TERM | |
| Topical Term | NOVEL |
| Geographic subdivision | UNITED KINGDOM |
| 942 ## - ADDED ENTRY ELEMENTS (KOHA) | |
| Koha item type | Books |
| Withdrawn status | Lost status | Collection code | Home library | Current library | Shelving location | Date acquired | Source of acquisition | Cost, normal purchase price | Full call number | Accession Number | Koha item type |
|---|---|---|---|---|---|---|---|---|---|---|---|
| Fiction | Main Library | Main Library | SHELF-14G- ALPHABETICAL J,K,L --ENGLISH NOVELS & FICTIONS | 02/05/2015 | purchase | 299.00 | 823 LAH/N | 07498 | Books |